000 00366nam a22001577a 4500
005 20200527105221.0
008 200527b xxu||||| |||| 00| 0 eng d
041 _aeng
082 _a340
100 _aBARE ACT
_95744
245 _aTHE ENVIRONMENT ACT,1986
260 _aDELHI
_bPROFESSIONAL BOOK PUBLISHERS
300 _a520;p
650 _aLAW
_95701
942 _cBK
999 _c6533
_d6531